| 000 | 00868nas a2200277 4500 | ||
|---|---|---|---|
| 001 | BR2016004069 | ||
| 003 | BR-BrBNA | ||
| 005 | 20231205130624.0 | ||
| 007 | ta | ||
| 008 | 230509b bl.|||p| |||| 00| 00por d | ||
| 040 |
_aBR-BrBNA _bpor _cBiblioteca Nacional de Agricultura |
||
| 041 | _a(En) | ||
| 072 | _aF60 | ||
| 100 | 1 | _aFranco, L.B. | |
| 100 | 1 | _aSilva, S. de A. | |
| 245 | 1 | _aInterpolation methods for the description of the spatial dependence of the leaf chlorophyll content in cocoa trees | |
| 650 | _aAGRICULTURA DE PRECISÃO | ||
| 650 | _aCACAU | ||
| 650 | _aFOLHA | ||
| 650 | _aCLOROFILA | ||
| 650 | _aFISIOLOGIA VEGETAL | ||
| 773 | 0 |
_tAgrotrópica (Brazil) _xISSN 0103-3816 _g(Jan-Apr 2016), v. 28(1) p. 13-22 _wBR2016004069 |
|
| 856 | 4 | 0 | _dLink DSPACE/MAPA BR2016004069 |
| 909 |
_a202311 _bLúcia _c55 _dLúcia Elande |
||
| 942 |
_2AGRIS _n0 _cANA |
||
| 999 |
_c250392 _d250392 |
||